Information Practices-XII (Record no. 3659)

MARC details
000 -LEADER
fixed length control field 00232nam a22000857a 4500
008 - FIXED-LENGTH DATA ELEMENTS--GENERAL INFORMATION
fixed length control field 161101b xxu||||| |||| 00| 0 eng d
100 ## - MAIN ENTRY--PERSONAL NAME
9 (RLIN) 999
Personal name Arora.S.
245 ## - TITLE STATEMENT
Title Information Practices-XII
260 ## - PUBLICATION, DISTRIBUTION, ETC. (IMPRINT)
Place of publication, distribution, etc. New Delhi
Name of publisher, distributor, etc. Dhanpad Publications
Date of publication, distribution, etc. 2012
Holdings
Withdrawn status Lost status Source of classification or shelving scheme Damaged status Koha normalized classification for sorting Not for loan Home library Current library Shelving location Date acquired Total Checkouts Full call number Barcode Date last seen Price effective from Koha item type
    Dewey Decimal Classification   ARO_005_000000000000000_A7   Good Samaritan School Library Good Samaritan School Library Computer Science 11/01/2016   ARO005 A-7 ARO9677 11/01/2016 11/01/2016 BOOK

Powered by Koha